Overwatch- All Heroes - Statistics

General Stats
  • This quiz has been taken 82 times
    50 since last reset
  • The average score is 12 of 30
Answer Stats
Name % Correct
Dr. Angela Ziegler/Mercy
71%
Helena 'Lena' Oxton/Tracer
69%
Winston/Specimen 28
67%
Mako Rutledge/Roadhog
64%
SST Laboratories Siege Automaton E54/Bastion
64%
Str Com. Jack Morrison/Soldier: 76
64%
Com. Gabriel Reyes/Reaper/Soldier: 24
62%
Hana Song/D.Va
62%
Jamison Fawkes/Junkrat
60%
Sec Sp. Faheera Amari/Pharah
60%
Amélie Lacroix/Widowmaker
57%
Orisa
55%
Akande Ogundimu/Doomfist
52%
Aleksandra Zaryanova/Zarya
52%
Olivia Colomar/Sombra
52%
CEO. Satya Vaswani/Symmetra
40%
Hammond/Wrecking Ball/Specimen 8
40%
CM. Jean-Baptiste Augustin
33%
Cpt. Ana Amari
31%
CE. Torbjörn Lindholm
26%
Genji Shimada
24%
Hanzo Shimada
24%
Brigitte Lindholm
21%
Jesse McCree
14%
Lt. Reinhardt Wilhelm
12%
Moira O'Deorain
12%
Dr. Mei-Ling Zhou
10%
Elizabeth C. 'Calamity' Ashe
7%
Lúcio C. dos Santos
2%
Tekharta Zenyatta
2%
No matching quizzes found
Score Distribution
Percent of People with Each Score
Percentile by Number Answered
Your Score History
You have not taken this quiz since the last reset